000 00527nam a22001697a 4500
010 _aENG-143544
020 _a9788192156101
_c200.00
035 _aEN-127076
037 _bDBAD
082 _a291.21
100 _aBishnoi, Ajit Kumar
_977002
245 _aSpiritual Sense the Applications /
_cby Ajit Kumar Bishnoi
260 _aNew Delhi
_bShri Narayana Publications
_c2011
270 _a14-E, Basant Lok, Vasant Vihar,
_bNew Delhi
_e110057
300 _a216p.
_c22cm(Pbk)
942 _2ddc
_cEN
_h291.21
_mBIS
999 _c208756
_d208756